Movies by Image #17 - Statistics

General Stats
  • This quiz has been taken 69 times
  • The average score is 4 of 16
Answer Stats
Picture Answer % Correct
Five Nights at Freddy's
63%
Uncle Buck
53%
Gran Turismo
47%
Anaconda
41%
Clue
27%
Violent Night
27%
Couples Retreat
24%
Brightburn
22%
Zathura: A Space Adventure
22%
Dinner for Schmucks
18%
Behind Enemy Lines
14%
The Family Man
12%
Frequency
10%
The Switch
10%
U.S. Marshals
10%
Overlord
6%
No matching quizzes found
Score Distribution
Percent of People with Each Score
Percentile by Number Answered
Your Score History
You have not taken this quiz